LEADER 01067nas 22003733a 450 001 996208032303316 005 20230227213019.0 011 $a2151-9277 035 $a(OCoLC)60618969 035 $a(CKB)954921420517 035 $a(CONSER)--2009201771 035 $a(EXLCZ)99954921420517 100 $a20050614b19882009 --- a 101 0 $aeng 135 $aur||||||||||| 181 $ctxt$2rdacontent 182 $cc$2rdamedia 183 $acr$2rdacarrier 200 00$aWorld trade 210 $aTroy, Mich. $cBNP Media 300 $aDescription based: Oct. 2000; title from cover image (BPN Media website, viewed on Nov. 13, 2009). 311 $a1054-8637 517 1 $aWorld trade magazine 606 $aInternational trade$vPeriodicals 606 $aInternational trade$2fast$3(OCoLC)fst00977128 608 $aPeriodicals.$2fast 615 0$aInternational trade 615 7$aInternational trade. 676 $a382 676 $a382/.05 906 $aJOURNAL 912 $a996208032303316 996 $aWorld trade$9643746 997 $aUNISA